Logo Biblioteca

Sherlock Holmes : (Registro nro. 685)

Detalles MARC
000 -LEADER
fixed length control field 00846nam a22002537a 4500
003 - CONTROL NUMBER IDENTIFIER
control field AR-RoUNCS
005 - DATE AND TIME OF LATEST TRANSACTION
control field 20251105103856.0
008 - FIXED-LENGTH DATA ELEMENTS--GENERAL INFORMATION
fixed length control field 251105t2010 en |||||r|||| 00| f eng d
020 ## - INTERNATIONAL STANDARD BOOK NUMBER
International Standard Book Number 978-019-424-759-7
040 ## - CATALOGING SOURCE
Original cataloging agency AR-RoUNCS
Transcribing agency AR-RoUNCS
080 ## - UNIVERSAL DECIMAL CLASSIFICATION NUMBER
Authority record control number or standard number 821.111-312.4
100 1# - MAIN ENTRY--PERSONAL NAME
Personal name Bowler, Bill.
Relator term adaptador
245 10 - TITLE STATEMENT
Title Sherlock Holmes :
Remainder of title the blue diamond /
Statement of responsibility, etc. Sir Arthur Canan Doyle ; text adaptation by Bill Bowler ; illustrated by Susan Scott.
246 30 - VARYING FORM OF TITLE
Title proper/short title Blue diamond.
260 ## - PUBLICATION, DISTRIBUTION, ETC.
Place of publication, distribution, etc. Oxford :
Name of publisher, distributor, etc. Oxford University Press,
Date of publication, distribution, etc. 2010.
300 ## - PHYSICAL DESCRIPTION
Extent 4 p. :
Other physical details il. col. ;
Dimensions 22 cm.
490 0# - SERIES STATEMENT
Series statement Donimoes ;
Volume/sequential designation 1
650 #4 - SUBJECT ADDED ENTRY--TOPICAL TERM
Topical term or geographic name entry element LITERATURA INGLESA
650 #4 - SUBJECT ADDED ENTRY--TOPICAL TERM
Topical term or geographic name entry element INGLÉS
Form subdivision LIBROS DE LECTURA
655 #4 - INDEX TERM--GENRE/FORM
Genre/form data or focus term NOVELA POLICÍACA
700 1# - ADDED ENTRY--PERSONAL NAME
Personal name Scott, Susan,
Dates associated with a name 1962
Relator term ilustrador
700 1# - ADDED ENTRY--PERSONAL NAME
Personal name Doyle, Arthur Conan,
Dates associated with a name 1859-1930.
Relator term autor
942 ## - ADDED ENTRY ELEMENTS (KOHA)
Source of classification or shelving scheme Universal Decimal Classification
Koha item type Libro de préstamo a domicilio
Suppress in OPAC No
Existencias
Withdrawn status Lost status Source of classification or shelving scheme Damaged status Not for loan Collection Home library Current library Date acquired Source of acquisition Total checkouts Full call number Barcode Date last seen Price effective from Koha item type
    Universal Decimal Classification     Colección General Biblioteca Escuela de Ciencias Sociales Biblioteca Escuela de Ciencias Sociales 05/11/2025 Donación 2023   811.111-321.4 C754 000392 05/11/2025 05/11/2025 Libro de préstamo a domicilio
Biblioteca de la Escuela Preuniversitaria en Ciencias Sociales y Humanísticas.
Riobamba 250 bis.
CP 2000 - Rosario - Santa Fe
E-Mail: biblioteca@esociales.unr.edu.ar